000 00450nam a22001570 4500
003 PILC
005 20150318091412.0
008 970404
050 _aPT 605
_b.H463Pr 1957
100 1 _aHesse, Hermann.
245 1 4 _aThe Prodigy /
_cTranslated by W.J. Strachan.
260 _aLondon :
_bPeter Owen,
_c[c1957].
300 _a188 pages :
_c18 cm.
500 _a"Transslated from the German Unterm Rad"
942 _2lcc
_cBK
999 _c283770
_d283770